[Event "ROM-chTA"]
[Site "Olanesti"]
[Date "2012.10.14"]
[Round "9.4"]
[White "Petrescu, Cristian"]
[Black "Martian, Dragos Daniel"]
[Result "0-1"]
[WhiteElo "2039"]
[BlackElo "2125"]
[PlyCount "118"]
[EventDate "2012.10.06"]
[EventType "team-tourn"]
[EventRounds "9"]
[EventCountry "ROU"]
[SourceTitle "CBM 150 Extra"]
[Source "ChessBase"]
[SourceDate "2012.10.19"]
[SourceVersion "1"]
[SourceVersionDate "2012.10.19"]
[SourceQuality "1"]
[WhiteTeam "Giurgiu"]
[BlackTeam "Galati"]
[WhiteTeamCountry "ROU"]
[BlackTeamCountry "ROU"]

1. e4 c5 2. Nf3 e6 3. d4 cxd4 4. Nxd4 a6 5. Bd3 Nf6 6. 0-0 Qc7 7. Qe2 d6 8. Nc3 Be7 9. a4 b6 10. Kh1 Bb7 11. f4 Nbd7 12. Bd2 Qc5 13. Nb3 Qh5 14. Qxh5 Nxh5 15. Rae1 0-0-0 16. Kg1 g6 17. Be3 Rhg8 18. Be2 Ng7 19. Bf3 Nc5 20. Nxc5 dxc5 21. Kf2 f6 22. Rd1 Kc7 23. Rxd8 Rxd8 24. Rd1 Rf8 25. Be2 f5 26. e5 g5 27. Bf3 Bxf3 28. Kxf3 g4+ 29. Ke2 h5 30. Nb1 Kc6 31. Na3 Ne8 32. Rd3 Nc7 33. Bd2 b5 34. axb5+ axb5 35. c4 b4 36. Nc2 Ra8 37. Kd1 Ne8 38. Kc1 Ng7 39. Be3 h4 40. Rd1 Nh5 41. Kb1 Rd8 42. Kc1 Rb8 43. Kd2 Ra8 44. Ra1 Rxa1 45. Nxa1 Bf8 46. Nb3 Bh6 47. Nxc5 Bxf4 48. Nd3 Bxh2 49. Nxb4+ Kb7 50. Nd3 f4 51. Bd4 f3 52. Ne1 Bf4+ 53. Kd3 Bg3 54. Kd2 f2 55. Bxf2 Bxf2 56. Nd3 Bd4 57. Ke2 Ng3+ 58. Ke1 h3 59. gxh3 gxh3 0-1

[Event "Bucharest Gaudeamus Cup 3rd"]
[Site "Bucharest"]
[Date "2011.06.18"]
[Round "2"]
[White "Petrescu, Cristian"]
[Black "Barbu, George Emilian"]
[Result "1-0"]
[WhiteElo "2116"]
[BlackElo "1940"]
[PlyCount "89"]
[EventDate "2011.06.17"]
[EventType "swiss"]
[EventRounds "5"]
[EventCountry "ROU"]
[SourceTitle "CBM 143 Extra"]
[Source "ChessBase"]
[SourceDate "2011.08.29"]
[SourceVersion "1"]
[SourceVersionDate "2011.08.29"]
[SourceQuality "1"]

1. e4 c5 2. Nf3 g6 3. d4 cxd4 4. Qxd4 Nf6 5. e5 Nc6 6. Qa4 Nd5 7. Qe4 Nc7 8. Nc3 d5 9. exd6 Qxd6 10. Bf4 Qd8 11. Rd1 Bd7 12. Be5 Rg8 13. Bc4 e6 14. 0-0 Bg7 15. Bxc7 Qxc7 16. Nb5 Qa5 17. Nd6+ Ke7 18. Nxf7 Qf5 19. N7g5 Qxe4 20. Nxe4 b6 21. Rfe1 h6 22. c3 Rad8 23. Bb5 Ne5 24. Nxe5 Bxb5 25. Nxg6+ Kf7 26. Nf4 Rxd1 27. Rxd1 Bc6 28. f3 Be5 29. Nd3 Bb8 30. Ndf2 Ke7 31. c4 b5 32. c5 a5 33. a3 a4 34. Nd3 Bd5 35. Nb4 Bb3 36. Re1 Bf4 37. g3 Bc7 38. Nd2 Bc4 39. Nxc4 bxc4 40. Nd5+ Kd8 41. Rxe6 Bxg3 42. hxg3 Rxg3+ 43. Kf2 Rh3 44. c6 Rh2+ 45. Ke3 1-0

[Event "Valle d'Aosta op 14th"]
[Site "Saint Vincent"]
[Date "2006.10.06"]
[Round "7"]
[White "Petrescu, Cristian"]
[Black "Battistella, Stefano"]
[Result "1-0"]
[WhiteElo "2070"]
[BlackElo "2065"]
[PlyCount "55"]
[EventDate "2006.09.30"]
[EventType "swiss"]
[EventRounds "9"]
[EventCountry "ITA"]
[SourceTitle "CBM 114 Extra"]
[Source "ChessBase"]
[SourceDate "2006.11.03"]
[SourceVersion "1"]
[SourceVersionDate "2006.11.03"]
[SourceQuality "1"]

1. e4 e5 2. Nf3 Nf6 3. Nxe5 d6 4. Nf3 Nxe4 5. d4 d5 6. Bd3 Be7 7. 0-0 Nc6 8. c4 Nb4 9. Be2 Be6 10. Nc3 0-0 11. Re1 Bf5 12. Bf1 Nxc3 13. bxc3 Nc2 14. Re5 Be4 15. Rb1 Nxd4 16. Rxb7 Nxf3+ 17. gxf3 Bd6 18. Rg5 dxc4 19. Rxg7+ Kh8 20. Qd4 Bxh2+ 21. Kxh2 Qxd4 22. cxd4 Bxb7 23. Rg5 f5 24. d5 c3 25. Be3 Rf6 26. Bd4 Raf8 27. Bxc3 Bc8 28. Bc4 1-0

[Event "Valle d'Aosta op 14th"]
[Site "Saint Vincent"]
[Date "2006.10.01"]
[Round "2"]
[White "Ortega, Lexy"]
[Black "Petrescu, Cristian"]
[Result "1/2-1/2"]
[WhiteElo "2435"]
[BlackElo "2070"]
[PlyCount "164"]
[EventDate "2006.09.30"]
[EventType "swiss"]
[EventRounds "9"]
[EventCountry "ITA"]
[SourceTitle "CBM 114 Extra"]
[Source "ChessBase"]
[SourceDate "2006.11.03"]
[SourceVersion "1"]
[SourceVersionDate "2006.11.03"]
[SourceQuality "1"]

1. d4 Nf6 2. Nf3 g6 3. Nc3 d5 4. Bf4 Nh5 5. Bg5 h6 6. Bh4 g5 7. Bg3 Nxg3 8. hxg3 Bg7 9. e4 dxe4 10. Nxe4 Bf5 11. Bd3 Bg6 12. Nc5 Bxd3 13. Qxd3 b6 14. Ne4 Nc6 15. d5 Ne5 16. Nxe5 Bxe5 17. 0-0-0 Qd7 18. Rhe1 0-0-0 19. Nc5 Bxb2+ 20. Kxb2 bxc5 21. Qa6+ Kb8 22. Kc3 Ka8 23. Re4 Qd6 24. Qxd6 exd6 25. Re7 Kb8 26. Rxf7 Rdf8 27. Rxf8+ Rxf8 28. f3 Re8 29. Kd2 c6 30. Rh1 Rh8 31. dxc6 Kc7 32. c4 Kxc6 33. Re1 Rb8 34. Kc3 Kd7 35. Rh1 Rh8 36. Kd3 Ke6 37. Ke4 Rh7 38. f4 Kf6 39. Kd5 gxf4 40. gxf4 Kf5 41. Kxd6 Kxf4 42. Rh3 Rg7 43. Rxh6 Rxg2 44. a4 Ra2 45. Kxc5 Rxa4 46. Kd5 Ra1 47. Rh4+ Kg5 48. Rd4 Kf6 49. Re4 a5 50. c5 a4 51. c6 Rd1+ 52. Kc5 Rc1+ 53. Kb6 Rb1+ 54. Kc5 Rc1+ 55. Kd6 Rd1+ 56. Kc7 a3 57. Ra4 Rd3 58. Kb7 Rb3+ 59. Kc8 Ke7 60. c7 Rc3 61. Ra6 Rb3 62. Ra8 Rh3 63. Kb7 Rb3+ 64. Kc6 Rc3+ 65. Kb7 Rb3+ 66. Kc8 Rh3 67. Ra4 Rc3 68. Ra8 Kd6 69. Ra6+ Ke7 70. Kb8 Rb3+ 71. Kc8 Rc3 72. Ra4 Kd6 73. Ra6+ Ke7 74. Ra7 Rb3 75. Ra5 Rc3 76. Ra6 Rb3 77. Ra4 Rc3 78. Re4+ Kd6 79. Rd4+ Kc5 80. Rd2 Kb4 81. Kb7 Rxc7+ 82. Kxc7 Kb3 1/2-1/2